00599nam a2200193Ia 450000500170000000800410001702000180005804000180007604100080009408200220010210000240012424500660014825000120021426000380022630000260026465000410029065000460033165000280037720220304153549.0210716s2008 xx 000 0 und d a9788174465887 cAIMIT LIBRARY aeng a658.304 21bDHAR aDhar, Rajib Lochan. aStrategic human resource management /cBy Rajib Lochan Dhar. a1st ed. aNew Delhi :bExcel Books ;c2008. ax, 330p. ;c23 .5 cm. aIntroduction to strategic management aGoal setting: a strategic path to success aRetrenchment strategies